| 000 | 00359nam a2200109Ia 4500 | ||
|---|---|---|---|
| 008 | 230907s9999||||xx |||||||||||||| ||und|| | ||
| 082 |
_a696 _bASH |
||
| 245 | 0 | _aProcedures for commercial building energy audits / | |
| 260 |
_aAmerican Society of Heating, Refrigerating, and Air-Conditioning Engineers, _bAtlanta, GA : _c2011 |
||
| 300 | _a147 p. : | ||
| 942 | _cBK | ||
| 999 |
_c599529 _d599529 |
||